000 01514nam a2200349 c 4500
003 BLK
005 20240301163919.0
008 180410b bul|||||r ||||||| ||bul||
010 _aKNG00159356000
040 _aBLK
041 _aBUL
_cBUL
080 _aФренска литература
_b821.133.1
_x-31
_z821.133.1-31
100 1 _aДидро, Дени
_eпърви автор
_9375295
700 1 _aДимова, Стефанка
_eпрев. от фр.
_9283480
700 _aПожарлиева, Сидония Йорданова
_9366190
700 1 _aСтойчев, Тодор
_eс предг. от
_9365888
700 1 _aDiderot, Denis
_e*
_98490
139 _aДидро, Дени
_bД 53
245 1 0 _aМонахинята
_bРоман
_cДени Дидро; прев. от фр. Стефанка Димова; прев. от фр. Сидония Йорданова Пожарлиева; с предг. от Тодор Стойчев; * Denis Diderot.
250 _a4. изд.
257 _aFRA
260 София
_bОФ
_c1986
_fВ. Търново : Д. Найденов
300 _a264 с.
_c17 см
380 _aX
500 _aОриг. загл. La religieuse / Denis Diderot. - 1. изд. 1967. - 100 200 тир.
852 _aЦб І 22511
856 4 _qpdf
_u
856 4 _qpdf
_u
942 _cKNG
_n0
_04
944 _aCR
_c08.04.2014
_lГеновева Генчева
_k30560
944 _aED
_c08.04.2014
_l08.04.2014 - от С1,Р / 08.04.2014
_k
999 _c152837
_d152837